5HLuxD.jpg

KING HENRY VIII SENIOR AND PRIMARY SCHOOL LIBRARY OPAC

What if ...? (Record no. 1825)

000 -LEADER
fixed length control field 01084cam a2200313 a 4500
001 - CONTROL NUMBER
control field 574665
003 - CONTROL NUMBER IDENTIFIER
control field INLPI
005 - DATE AND TIME OF LATEST TRANSACTION
control field 20230202075955.0
008 - FIXED-LENGTH DATA ELEMENTS--GENERAL INFORMATION
fixed length control field 171223r20142013enka b 000 j eng d
015 ## - NATIONAL BIBLIOGRAPHY NUMBER
National bibliography number GBB450296
Source bnb
020 ## - INTERNATIONAL STANDARD BOOK NUMBER
International Standard Book Number 9780552565196
Qualifying information (pbk.) :
035 ## - SYSTEM CONTROL NUMBER
System control number (SPYDUS)684678
040 ## - CATALOGING SOURCE
Original cataloging agency NLPI
Language of cataloging eng
Transcribing agency NLPI
Modifying agency NLPI
-- KH8
Description conventions aacr2
042 ## - AUTHENTICATION CODE
Authentication code nbic
082 0# - DEWEY DECIMAL CLASSIFICATION NUMBER
Classification number 823.914 BRO
100 1# - MAIN ENTRY--PERSONAL NAME
Personal name Browne, Anthony,
Dates associated with a name 1946-
Relator term author,
-- artist.
245 10 - TITLE STATEMENT
Title What if ...?
Medium [children's book] /
Statement of responsibility, etc. Anthony Browne.
246 3# - VARYING FORM OF TITLE
Title proper/short title What if.
260 ## - PUBLICATION, DISTRIBUTION, ETC.
Place of publication, distribution, etc. London :
Name of publisher, distributor, etc. Picture Corgi,
Date of publication, distribution, etc. 2014, c2013.
300 ## - PHYSICAL DESCRIPTION
Extent [27] pages :
Other physical details colour illustrations ;
Dimensions 29 cm.
500 ## - GENERAL NOTE
General note Originally published: London: Doubleday, 2013.
520 8# - SUMMARY, ETC.
Summary, etc. As Joe and his mum walk down the darkening street, his imagination starts to run wild. And as they search for the right place and wonder "What if ?" they make surprising discoveries along the way.
650 #0 - SUBJECT ADDED ENTRY--TOPICAL TERM
Topical term or geographic name entry element Anxiety.
650 #0 - SUBJECT ADDED ENTRY--TOPICAL TERM
Topical term or geographic name entry element Birthday parties.
650 #0 - SUBJECT ADDED ENTRY--TOPICAL TERM
Topical term or geographic name entry element Children's stories.
650 #0 - SUBJECT ADDED ENTRY--TOPICAL TERM
Topical term or geographic name entry element Emotions.
650 #0 - SUBJECT ADDED ENTRY--TOPICAL TERM
Topical term or geographic name entry element Fear.
942 ## - ADDED ENTRY ELEMENTS (KOHA)
Source of classification or shelving scheme
Koha item type Books - Non Ficton
Holdings
Withdrawn status Lost status Source of classification or shelving scheme Damaged status Not for loan Collection code Permanent Location Current Location Shelving location Date acquired Total Checkouts Total Renewals Full call number Barcode Date last seen Date last checked out Price effective from Koha item type
          Non-Fiction KH8 Primary School Library KH8 Primary School Library Non Fiction 2023-02-02 29 1 823.914 BRO KHPL000003574 2026-03-17 2026-03-10 2023-02-02 Books - Non Ficton

Powered By KH8 IT Dept